000 00870cam a2200277 i 4500
001 4793
003 BD-RjUL
005 20211208233945.0
008 800822s1980 caua b 001 0 eng
020 _a0024707007
035 _a(BD-RjUL)4828
040 _aDLC
_cDLC
_dDLC
_dBD-RjUL
_beng
041 _aeng
082 0 0 _a364.973
_219
_bPUI
100 1 _aPursley, Robert D.
_915120
245 1 0 _aIntroduction to criminal justice /
_cRobert D. Pursley.
250 _a2d ed.
260 _aEncino, Calif. :
_bGlencoe Pub. Co. ;
_aLondon :
_bCollier Macmillan Publishers,
_cc1980.
300 _axv, 592 p. :
_bill. ;
_c26 cm.
490 0 _aGlencoe criminal justice series
504 _aIncludes bibliographies and index.
650 0 _aCriminal justice, Administration of
_zUnited States.
_914875
942 _2ddc
_cBK
999 _c4793
_d4793